000 00318nam a22001337a 4500
008 181206b xxu||||| |||| 00| 0 eng d
020 _a9780205268238
041 _aeng
080 _a370
100 _a49
101 _aEDU
245 _aLeadership In Counting And Distance Education
_cJones.C.C
942 _2udc
_cBK
999 _c52964
_d52964